Democracy in Britain (Record no. 1540)

MARC details
000 -LEADER
fixed length control field 00298nam a22001217a 4500
008 - FIXED-LENGTH DATA ELEMENTS--GENERAL INFORMATION
fixed length control field 230620b xxu||||| |||| 00| 0 eng d
082 ## - DEWEY DECIMAL CLASSIFICATION NUMBER
Classification number 320.4
Item number LIV
110 ## - MAIN ENTRY--CORPORATE NAME
Subordinate unit The British Council
245 ## - TITLE STATEMENT
Title Democracy in Britain
260 ## - PUBLICATION, DISTRIBUTION, ETC. (IMPRINT)
Place of publication, distribution, etc. UK
Name of publisher, distributor, etc. Blackwell Publishers
Date of publication, distribution, etc. 1994
300 ## - PHYSICAL DESCRIPTION
Extent 344p
942 ## - ADDED ENTRY ELEMENTS (KOHA)
Source of classification or shelving scheme Dewey Decimal Classification
Koha item type Books
Holdings
Withdrawn status Lost status Source of classification or shelving scheme Damaged status Not for loan Home library Current library Date acquired Total Checkouts Full call number Barcode Checked out Date last seen Price effective from Koha item type
    Dewey Decimal Classification     County Hall Archives County Hall Archives 06/20/2023   320.4 LIV 10000894 03/10/2022 06/20/2023 06/20/2023 Books
    Dewey Decimal Classification     County Hall Archives County Hall Archives 06/20/2023   320.4 LIV 10000697   06/20/2023 06/20/2023 Books
    Dewey Decimal Classification     County Hall Archives County Hall Archives 06/20/2023   320.4 LIV 10000960   06/20/2023 06/20/2023 Books
    Dewey Decimal Classification     County Hall Archives County Hall Archives 06/20/2023   320.4 LIV 10000897 03/26/2020 06/20/2023 06/20/2023 Books
LIBRARY OPENING HOURS

When the Parliament is sitting: 8.00a.m - 7.00p.m or until the house adjourns
Mondays and Fridays and when the House is on Recess:  8.00a.m - 5.00p.m
Closed on Weekends and Public Holidays

Online Public Access Catalog (OPAC)
Website: http://www.parliament.go.ke
Bunge Library: https://libraryir.parliament.go.ke
Contact: library@parliament.go.ke | Tel no: (254-2)2221291 or 2848000 Ext 5043